| 000 | 00435nam a2200181Ia 4500 | ||
|---|---|---|---|
| 001 | 13935 | ||
| 005 | 20260306164837.0 | ||
| 008 | 260306t1995||||xx |||||||||||||| ||spa|| | ||
| 041 | _aESP | ||
| 082 |
_a005.73 _bA43 |
||
| 100 |
_aAllen Weiss, Mark _eAUT |
||
| 245 | 0 | _aEstructuras de datos y algoritmos | |
| 260 | _c1995 | ||
| 300 |
_axvii, 489 páginas : _c23 cm. |
||
| 650 | _aGEN | ||
| 654 | _aCCC | ||
| 942 |
_cLIB _dJUS _fJUS _2ddc _n |
||
| 999 |
_c13935 _d13935 |
||